Statistics for Five Biggest Countries Containing Letter 'I' by Continent

Click here to take the quiz!

General Stats

  • This quiz has been taken 952 times
  • The average score is 26 of 30

Answer Stats

ContinentAreaCountry% Correct
Europe3,960,000Russia
98%
Asia13,145,000Russia
98%
Oceania7,692,024Australia
97%
North America9,525,067United States
96%
South America8,151,767Brazil
96%
Asia9,572,900China
96%
Asia3,287,263India
95%
North America1,964,375Mexico
94%
South America2,780,400Argentina
93%
Europe505,992Spain
91%
Europe301,336Italy
91%
Africa2,381,741Algeria
91%
South America756,102Chile
91%
South America1,141,748Colombia
89%
Europe603,500Ukraine
89%
Oceania18,272Fiji
88%
Asia1,910,931Indonesia
86%
South America1,098,581Bolivia
86%
North America130,373Nicaragua
83%
Africa1,267,000Niger
82%
Africa1,759,540Libya
81%
Africa2,344,858DR Congo
79%
Oceania462,840Papua New Guinea
79%
Oceania28,896Solomon Islands
76%
Asia2,149,690Saudi Arabia
75%
Europe338,424Finland
75%
Oceania811Kiribati
73%
North America48,671Dominican Republic
72%
North America51,100Costa Rica
71%
Africa1,240,192Mali
69%

Score Distribution

Percentile by Number Answered

Percent of People with Each Score

Your Score History

You have not taken this quiz